| 000 | 01693nam a2200469 i 4500 | ||
|---|---|---|---|
| 001 | 49887 | ||
| 003 | KOSZ 005 | ||
| 005 | 20201119143131.0 | ||
| 008 | 120918s2012 pl a f |000 0 pol | ||
| 020 | _a8373706607 | ||
| 020 | _a9788324956494 | ||
| 040 |
_aWA N _cWA N _dKOZ 005/HR |
||
| 046 | _k2012 | ||
| 080 | _a697 | ||
| 080 | _a006.3/.8(438) | ||
| 080 | _a(083.1) | ||
| 100 | 1 |
_aPłuciennik, Marek _eAutor |
|
| 245 | 1 | 0 |
_aRoboty instalacyjne sanitarne. _nZ. 3, _pInstalacje ogrzewcze / _cMarek Płuciennik, Janina Zimmer, Joanna Płachta ; Instytut Techniki Budowlanej. |
| 246 | 3 | 0 | _aInstalacje ogrzewcze |
| 260 |
_aWarszawa : _bInstytut Techniki Budowlanej Dział Wydawniczy, _c2012. |
||
| 300 |
_a65, [3] s. : _bil. ; _c24 cm. |
||
| 336 |
_2rdacontent _aTekst _btxt |
||
| 337 |
_2rdamedia _aBez urządzenia pośredniczącego _bn |
||
| 338 |
_2rdacarrier _aWolumin _bnc |
||
| 380 | _aDruki ulotne | ||
| 380 | _aPublikacje fachowe | ||
| 388 | _a2001- | ||
| 490 | 1 |
_aWarunki Techniczne Wykonania i Odbioru Robót Budowlanych ; _vcz. E. |
|
| 504 | _aBibliogr. s. 39-45. | ||
| 650 | 4 | _aSieć cieplna | |
| 650 | 4 | _aBudowa i konstrukcje | |
| 650 | 4 | _aNormalizacja | |
| 655 | 4 | _aInstrukcja | |
| 658 | _aInżynieria i technika | ||
| 658 | _aArchitektura i budownictwo | ||
| 700 | 1 |
_aPłachta, Joanna _eAutor |
|
| 700 | 1 |
_aZimmer, Janina _eAutor |
|
| 710 | 2 |
_aInstytut Techniki Budowlanej _4pbl. |
|
| 830 | 0 |
_aWarunki Techniczne Wykonania i Odbioru Robót Budowlanych _vcz. E |
|
| 856 |
_uhttp://koha.tu.koszalin.pl/cgi-bin/koha/opac-detail.pl?biblionumber=49887 _yKatalog online BPK |
||
| 942 |
_2UKD _cKS |
||
| 999 |
_c49887 _d49887 |
||